[Event "FRA-ch 50+"]
[Site "L'Alpe d'Huez"]
[Date "2023.08.23"]
[Round "5"]
[White "Bislimi, Agron"]
[Black "Bruneau, Laurent"]
[Result "0-1"]
[WhiteElo "1970"]
[BlackElo "2172"]
[PlyCount "130"]
[EventDate "2023.08.19"]
[EventType "swiss"]
[EventRounds "9"]
[EventCountry "FRA"]
[SourceTitle "EXT 2024"]
[Source "ChessBase"]
[SourceDate "2023.10.10"]
[SourceVersion "1"]
[SourceVersionDate "2023.10.10"]
[SourceQuality "1"]

1. e4 c5 2. f4 d5 3. e5 Nc6 4. Nf3 Bg4 5. Be2 e6 6. 0-0 Nh6 7. c3 Nf5 8. d3 h5 9. Ng5 Bxe2 10. Qxe2 Be7 11. Na3 h4 12. Nc2 Qc7 13. Ne3 Nxe3 14. Bxe3 d4 15. cxd4 cxd4 16. Bd2 Bxg5 17. fxg5 Qxe5 18. Qf3 0-0 19. Qh5 f6 20. Qxh4 fxg5 21. Bxg5 Rf5 22. Rxf5 Qxf5 23. Rf1 Qxd3 24. Qg4 Qg6 25. Re1 e5 26. h4 Rf8 27. h5 Qf5 28. Qh4 Rf7 29. Bc1 Nb4 30. h6 gxh6 31. Re4 Qf1+ 32. Kh2 Qxc1 33. Rg4+ Rg7 34. Rxg7+ Kxg7 35. Qe7+ Kg6 36. Qe6+ Kh5 37. Qxe5+ Qg5 38. Qe2+ Kg6 39. Qe8+ Kg7 40. Qd7+ Kf8 41. Qc8+ Kf7 42. Qd7+ Qe7 43. Qf5+ Kg7 44. Qg4+ Kf6 45. Qf4+ Ke6 46. Qe4+ Kd6 47. Qxd4+ Nd5 48. Qxa7 Qe5+ 49. Kh1 Qxb2 50. Qb8+ Kd7 51. Qg8 Qe5 52. Qh7+ Kc8 53. Qxh6 Qa1+ 54. Kh2 Qxa2 55. Qd6 Qc4 56. Qe6+ Kb8 57. g4 Qf4+ 58. Kh3 Qe3+ 59. Qxe3 Nxe3 60. g5 Kc7 61. g6 Nf5 62. Kg4 Ne7 63. g7 Kd6 64. Kf4 Kd5 65. Ke3 Nf5+ 0-1